Dôležitá je kvalita súdu, nie jeho blízkosť

Potreba vytvorenia legislatívnych podmienok, ktoré by umožnili skrátiť súdne konanie. Ministerstvo spravodlivosti pripravuje optimalizáciu organizácie súdov - zníženie počtu súdov. Odbúranie zbytočnej administratívy. Zavedenie modelu delegačných senátov, ktoré budú mať právomoc presunúť časť agendy....

Descrizione completa

Salvato in:
Dettagli Bibliografici
Autore principale: Sedlák, Miro
Altri autori: Benčík, Patrik
Natura: Capitolo di libro
Lingua:slovacco
Soggetti:
Tags: Aggiungi Tag
Nessun Tag, puoi essere il primo ad aggiungerne!!

MARC

LEADER 00000naa a2200000 4500
001 r047647
005 20230921114718.8
041 0 |a slo 
044 |a SK 
245 1 0 |a Dôležitá je kvalita súdu, nie jeho blízkosť  |c Miro Sedlák, Patrik Benčík 
520 |a Potreba vytvorenia legislatívnych podmienok, ktoré by umožnili skrátiť súdne konanie. Ministerstvo spravodlivosti pripravuje optimalizáciu organizácie súdov - zníženie počtu súdov. Odbúranie zbytočnej administratívy. Zavedenie modelu delegačných senátov, ktoré budú mať právomoc presunúť časť agendy. Alternatívne riešenia sporov. Mediácia. 
610 2 0 |a súdy 
610 2 0 |a súdnictvo 
610 2 0 |a reformy 
610 2 0 |a konanie súdne občianske 
610 2 0 |a administratíva 
610 2 0 |a spory súdne 
610 2 0 |a Slovensko 
610 2 0 |a kvalita 
100 1 |a Sedlák, Miro 
700 1 |a Benčík, Patrik